[Event "Autunno Scacchistico Magistrale"]
[Site "Venezia ITA"]
[Date "2005.10.30"]
[Round "3"]
[White "Zanirato, Stefano"]
[Black "Ambrosi, Eleonora"]
[Result "1/2-1/2"]
[WhiteElo "1947"]
[BlackElo "2125"]
[PlyCount "81"]
[EventDate "2005.10.29"]

1.Nf3 d5 2.d3 Nc6 3.c3 e5 4.Bg5 f6 5.Bd2 Bg4 6.Qa4 Qd7 7.h3 Be6 8.e4 O-O-O
9.b4 Kb8 10.b5 Nce7 11.Be3 Nc8 12.c4 dxe4 13.dxe4 Nb6 14.Bxb6 axb6 15.Nc3 
Bc5 16.Rd1 Qc8 17.Be2 Ne7 18.Nd5 Bxd5 19.cxd5 Ng6 20.g3 Rhf8 21.Nd2 Rde8 
22.Nb3 Bd6 23.Bg4 Qd8 24.Qc4 Ne7 25.Be6 f5 26.O-O f4 27.a4 fxg3 28.fxg3 
Nc8 29.a5 Qg5 30.Qd3 bxa5 31.h4 Qh6 32.Nxa5 Bc5+ 33.Kg2 Qe3 34.Qxe3 Bxe3 
35.Nc4 Bd4 36.Rxf8 Rxf8 37.Rf1 Rxf1 38.Kxf1 Nd6 39.Nxd6 cxd6 40.Ke2 Kc7 
41.g4 1/2-1/2

[Event "Autunno Scacchistico Magistrale"]
[Site "Venezia ITA"]
[Date "2005.10.30"]
[Round "3"]
[White "Zarpellon, Daniel"]
[Black "Rorato, Renzo"]
[Result "1-0"]
[WhiteElo "2010"]
[BlackElo "2149"]
[PlyCount "183"]
[EventDate "2005.10.29"]

1.e4 c5 2.Nf3 d6 3.d4 cxd4 4.Nxd4 Nf6 5.Nc3 a6 6.Bc4 e6 7.Bb3 b5 8.f3 Be7 
9.Be3 Qc7 10.Qd2 Nc6 11.Nce2 Ne5 12.O-O Nc4 13.Bxc4 bxc4 14.c3 O-O 15.Ng3 
d5 16.e5 Ne8 17.f4 f5 18.Rf3 Bd7 19.Nf1 Rb8 20.Qe2 Qd8 21.Rh3 g6 22.Re1 
Ng7 23.Kh1 h5 24.Rf3 Qa5 25.a3 Rb7 26.h3 Kf7 27.Bc1 Rh8 28.g3 Qd8 29.Ne3 
Rb6 30.Kg2 Qf8 31.Rff1 Bc5 32.Nf3 Be7 33.Nc2 Qa8 34.Ncd4 Rbb8 35.Nh2 Rh7 
36.Rh1 Rbh8 37.Reg1 Ne8 38.Qd1 Nc7 39.g4 hxg4 40.hxg4 Nb5 41.g5 Nxd4 42.
cxd4 Qc6 43.Nf3 Qa4 44.Qxa4 Bxa4 45.Bd2 Bc2 46.Rxh7+ Rxh7 47.Rh1 Rxh1 48.
Kxh1 Be4 49.Kg2 Ke8 50.Kf2 Bxf3 51.Kxf3 Kd7 52.Ke3 Kc6 53.Bc3 Kb5 54.Kd2 
Ka4 55.Kc2 Bd8 56.Bb4 Bb6 57.Kc3 a5 58.Bd6 Bd8 59.Kc2 Bxg5 60.fxg5 f4 61.
Bc7 f3 62.Kd2 Kb3 63.Bxa5 Kxb2 64.Ke3 Kxa3 65.Kxf3 Kb2 66.Ke2 c3 67.Kd3 c2
68.Bd2 c1=Q 69.Bxc1+ Kxc1 70.Kc3 Kd1 71.Kb4 Kd2 72.Kc5 Kd3 73.Kd6 Kxd4 74.
Kxe6 Kc4 75.Kf6 d4 76.e6 d3 77.e7 d2 78.e8=Q d1=Q 79.Qe6+ Kb4 80.Kxg6 Qc2+
81.Qf5 Qc6+ 82.Qf6 Qe8+ 83.Kg7 Qd7+ 84.Kg8 Qd5+ 85.Kg7 Qd7+ 86.Kh6 Qh3+ 
87.Kg6 Qd3+ 88.Qf5 Qd6+ 89.Qf6 Qd3+ 90.Kf7 Qh7+ 91.Ke8 Qe4+ 92.Qe7+ 1-0

[Event "Autunno Scacchistico Magistrale"]
[Site "Venezia ITA"]
[Date "2005.10.31"]
[Round "4"]
[White "Alberti, Andrea"]
[Black "Ventura, Sergio"]
[Result "1-0"]
[WhiteElo "2179"]
[BlackElo "2100"]
[PlyCount "43"]
[EventDate "2005.10.29"]

1.d4 d6 2.c4 g6 3.Nc3 Bg7 4.g3 Nd7 5.Bg2 e5 6.Nf3 Ne7 7.O-O O-O 8.e4 exd4 
9.Nxd4 Nc6 10.Nde2 Nde5 11.b3 Nb4 12.Be3 Bd7 13.h3 a5 14.f4 Nec6 15.Qd2 
Qc8 16.Kh2 Re8 17.Rad1 f6 18.c5 Bf8 19.a3 Na6 20.Nd5 Qd8 21.cxd6 cxd6 22.
Bb6 1-0

[Event "Autunno Scacchistico Magistrale"]
[Site "Venezia ITA"]
[Date "2005.10.31"]
[Round "4"]
[White "Ambrosi, Eleonora"]
[Black "Zanin, Dario"]
[Result "1/2-1/2"]
[WhiteElo "2125"]
[BlackElo "2044"]
[PlyCount "93"]
[EventDate "2005.10.29"]

1.e4 e5 2.Nf3 Nc6 3.Bb5 a6 4.Bxc6 dxc6 5.O-O Qd6 6.d4 f6 7.dxe5 fxe5 8.Qe2
Bg4 9.Nbd2 Ne7 10.b3 Ng6 11.Bb2 Qf6 12.Qe3 Bd6 13.Qg5 Qxg5 14.Nxg5 h6 15.
Ngf3 O-O 16.h3 Be6 17.Ne1 Rae8 18.Nd3 b5 19.a4 c5 20.Ba3 c4 21.Nc5 Bc8 22.
axb5 axb5 23.bxc4 Rd8 24.Rad1 Nf4 25.Rfe1 Bxh3 26.gxh3 Nxh3+ 27.Kh2 Nxf2 
28.Rb1 Bxc5 29.Bxc5 Rxd2 30.Bxf8 Nd3+ 31.Kh3 Nxe1 32.Bb4 Rxc2 33.Bxe1 Rxc4
34.Rxb5 Rxe4 35.Bg3 Re3 36.Kg2 e4 37.Bxc7 g5 38.Kf2 Rd3 39.Re5 Rc3 40.Bb6 
Rc4 41.Ke3 Kf7 42.Rxe4 Rxe4+ 43.Kxe4 Kg6 44.Be3 Kh5 45.Kf3 Kh4 46.Kg2 Kg4 
47.Bc1 1/2-1/2

[Event "Autunno Scacchistico Magistrale"]
[Site "Venezia ITA"]
[Date "2005.10.31"]
[Round "4"]
[White "De Nardi, Riccardo"]
[Black "Opacic, Alexandar"]
[Result "0-1"]
[WhiteElo "1943"]
[BlackElo "2122"]
[PlyCount "104"]
[EventDate "2005.10.29"]

1.e4 e5 2.Nf3 Nc6 3.d4 exd4 4.Bc4 Be7 5.c3 d3 6.Qxd3 d6 7.O-O Bg4 8.Bf4 
Nf6 9.Na3 O-O 10.Nc2 Nd7 11.Ncd4 Nce5 12.Bxe5 Nxe5 13.Nxe5 dxe5 14.Nf3 
Qxd3 15.Bxd3 Bxf3 16.gxf3 Rfd8 17.Rfd1 Bg5 18.Bc2 Bd2 19.Kf1 Rd6 20.Ke2 
Rad8 21.h3 Kf8 22.Bb3 Ke7 23.Rg1 Bh6 24.Rgd1 Rd2+ 25.Kf1 Rxb2 26.Rxd8 Kxd8
27.Bxf7 Bd2 28.c4 Bc3 29.Bg8 h6 30.Kg2 Bd4 31.Kg3 Rxf2 32.Rb1 b6 33.a3 Ke7
34.Bd5 a5 35.Bc6 Ra2 36.a4 Kf6 37.Rf1 Be3 38.h4 h5 39.Rh1 Bf4+ 40.Kh3 g6 
41.Bb5 Rc2 42.Ba6 Ke6 43.Bb5 Ke7 44.Ba6 c6 45.Bb7 Rxc4 46.Rg1 Rc2 47.Rg2 
Rxg2 48.Kxg2 Kd6 49.Kf2 b5 50.axb5 cxb5 51.Bd5 g5 52.hxg5 Bxg5 0-1

[Event "Autunno Scacchistico Magistrale"]
[Site "Venezia ITA"]
[Date "2005.10.31"]
[Round "4"]
[White "Dervishi, Erald"]
[Black "Artigas Isart, Miguel"]
[Result "1-0"]
[WhiteElo "2489"]
[BlackElo "2240"]
[PlyCount "77"]
[EventDate "2005.10.29"]

1.e4 c5 2.Nf3 Nc6 3.d4 cxd4 4.Nxd4 g6 5.Nc3 Bg7 6.Be3 Nf6 7.Bc4 Qa5 8.O-O 
O-O 9.Bb3 d6 10.h3 Bd7 11.Re1 Nxd4 12.Bxd4 Bc6 13.Qd2 Rfe8 14.Rad1 b6 15.
Qd3 Rac8 16.a3 Bb7 17.e5 dxe5 18.Rxe5 Qa6 19.Qxa6 Bxa6 20.Ba4 Red8 21.Rxe7
Nd5 22.Nxd5 Rxd5 23.c3 Bxd4 24.Rxd4 Rxd4 25.cxd4 Rc1+ 26.Kh2 Rc4 27.Bb3 
Rxd4 28.Bxf7+ Kf8 29.Rxa7 Bf1 30.Be6 Rd2 31.Rxh7 Rxb2 32.Rf7+ Ke8 33.Rf3 
Ke7 34.Bd5 Rd2 35.Be4 Rd6 36.Rc3 Rd2 37.Kg3 Rd6 38.Rc7+ Kf6 39.Rc6 1-0

[Event "Autunno Scacchistico Magistrale"]
[Site "Venezia ITA"]
[Date "2005.10.31"]
[Round "4"]
[White "Faccia, Sergio"]
[Black "Dvirnyy, Danyyil"]
[Result "0-1"]
[WhiteElo "2004"]
[BlackElo "2272"]
[PlyCount "82"]
[EventDate "2005.10.29"]

1.e4 c5 2.b4 cxb4 3.Bb2 Nf6 4.e5 Nd5 5.Nf3 Nc6 6.a3 e6 7.Be2 Nf4 8.O-O 
Nxe2+ 9.Qxe2 b6 10.d4 Bb7 11.axb4 Nxb4 12.c3 Nd5 13.c4 Nf4 14.Qe3 Ng6 15.
Nc3 d5 16.exd6 Bxd6 17.d5 O-O 18.Ne4 Re8 19.Nxd6 Qxd6 20.Qc3 f6 21.dxe6 
Qxe6 22.Rfe1 Qc6 23.Rxe8+ Rxe8 24.c5 Qxc5 25.Rxa7 Bxf3 26.gxf3 Qg5+ 27.Kh1
Nf4 28.Qc4+ Kh8 29.Qf1 h5 30.Ra1 Qd5 31.Ra3 Qd2 32.Bc3 Qe2 33.Qxe2 Rxe2 
34.Ra4 Nd5 35.Bd4 Rd2 36.Kg1 Kh7 37.Ba1 b5 38.Ra7 Kg6 39.Kg2 b4 40.Rb7 Ra2
41.Bd4 Nf4+ 0-1

[Event "Autunno Scacchistico Magistrale"]
[Site "Venezia ITA"]
[Date "2005.10.31"]
[Round "4"]
[White "Gallo, Enrico"]
[Black "Roberti, Ignazio"]
[Result "1-0"]
[WhiteElo "2113"]
[BlackElo "1937"]
[PlyCount "69"]
[EventDate "2005.10.29"]

1.e4 c5 2.Nf3 Nc6 3.c4 d6 4.Nc3 Nf6 5.b3 g6 6.Bb2 Bg7 7.d3 a6 8.Be2 Rb8 9.
O-O O-O 10.d4 cxd4 11.Nxd4 Ne5 12.h3 g5 13.Qd2 g4 14.f4 Bh6 15.Nf5 Bxf5 
16.exf5 gxh3 17.gxh3 Kh8 18.Kh1 Qd7 19.Qe1 Qc6+ 20.Nd5 e6 21.fxe5 exd5 22.
Bf3 dxe5 23.Qxe5 Bg7 24.cxd5 Qb6 25.Rg1 Rbe8 26.Qg3 Rg8 27.d6 Rd8 28.Be5 
Ne8 29.Rad1 f6 30.Bf4 Rd7 31.Bd5 Nxd6 32.Bxd6 Rxd6 33.Bxg8 Qc6+ 34.Bd5 Qd7
35.Bf3 1-0

[Event "Autunno Scacchistico Magistrale"]
[Site "Venezia ITA"]
[Date "2005.10.31"]
[Round "4"]
[White "Giuriati, Paolo"]
[Black "Vianello, Enrico"]
[Result "1/2-1/2"]
[WhiteElo "2236"]
[BlackElo "2086"]
[PlyCount "44"]
[EventDate "2005.10.29"]

1.Nf3 d5 2.c4 c6 3.b3 Nf6 4.g3 Bg4 5.Bg2 Nbd7 6.Bb2 e6 7.d3 Bd6 8.O-O O-O 
9.Nbd2 e5 10.cxd5 cxd5 11.d4 e4 12.Ne5 Bf5 13.f3 exf3 14.exf3 Rc8 15.Rc1 
Qa5 16.a3 Rfe8 17.g4 Rxc1 18.Qxc1 Be6 19.g5 Nh5 20.f4 g6 21.b4 Qb5 22.Nb3 
b6 1/2-1/2

[Event "Autunno Scacchistico Magistrale"]
[Site "Venezia ITA"]
[Date "2005.10.31"]
[Round "4"]
[White "Guglielmi, Dante"]
[Black "Rorato, Renzo"]
[Result "0-1"]
[WhiteElo "2030"]
[BlackElo "2149"]
[PlyCount "52"]
[EventDate "2005.10.29"]

1.c4 e5 2.Nc3 f5 3.g3 Nf6 4.Bg2 Be7 5.e3 O-O 6.Nge2 c6 7.O-O d6 8.b4 Be6 
9.d3 d5 10.b5 dxc4 11.bxc6 Nxc6 12.dxc4 Qxd1 13.Rxd1 Bxc4 14.Rb1 Rab8 15.
Rd2 Rfd8 16.Rdb2 Bd3 17.Ra1 Na5 18.a4 b6 19.Nb5 Nc4 20.Rba2 a6 21.Na7 Na5 
22.Nc6 Nxc6 23.Bxc6 Rbc8 24.Bg2 Bxe2 25.Rxe2 Rd1+ 26.Bf1 Rcxc1 0-1

[Event "Autunno Scacchistico Magistrale"]
[Site "Venezia ITA"]
[Date "2005.10.31"]
[Round "4"]
[White "Jurkovic, Ante"]
[Black "Xia, Jie"]
[Result "1-0"]
[WhiteElo "2339"]
[BlackElo "2111"]
[PlyCount "79"]
[EventDate "2005.10.29"]

1.e4 c5 2.Nf3 e6 3.d4 cxd4 4.Nxd4 a6 5.Nc3 b5 6.Bd3 Qc7 7.O-O Nf6 8.Qe2 d6
9.f4 Nbd7 10.Nf3 Bb7 11.Bd2 b4 12.Nd1 d5 13.e5 Bc5+ 14.Kh1 Ne4 15.c3 a5 
16.Rc1 O-O 17.Ne3 Qb6 18.Rce1 Ba6 19.c4 Bxe3 20.Bxe3 Ndc5 21.Bxe4 dxe4 22.
Ng5 Qc7 23.Bxc5 Qxc5 24.Qxe4 g6 25.b3 Rad8 26.Qf3 Qa7 27.Qh3 h5 28.Ne4 Qd4
29.Qf3 a4 30.h3 Kg7 31.Rd1 Qb2 32.Rf2 Qa3 33.Nd6 axb3 34.axb3 Ra8 35.Rfd2 
Ra7 36.Rd3 Rb8 37.Qg3 Qa5 38.f5 exf5 39.Nxf5+ Kh7 40.Qg5 1-0

[Event "Autunno Scacchistico Magistrale"]
[Site "Venezia ITA"]
[Date "2005.10.31"]
[Round "4"]
[White "Lorenzini, Adriano"]
[Black "Trangoni, Bruno"]
[Result "1-0"]
[WhiteElo "1907"]
[BlackElo "1946"]
[PlyCount "63"]
[EventDate "2005.10.29"]

1.d4 g6 2.c4 Bg7 3.Nc3 d6 4.e4 Nd7 5.Nf3 e5 6.g3 Ne7 7.Bg2 O-O 8.O-O exd4 
9.Nxd4 Ne5 10.b3 c6 11.f4 Bg4 12.Nde2 Nxc4 13.Bf3 Bxf3 14.Rxf3 Nb6 15.Ba3 
Nbc8 16.Rd3 Qa5 17.Bb2 Rd8 18.Na4 Bxb2 19.Nxb2 d5 20.Nc4 Qc5+ 21.Kg2 Nb6 
22.Ne3 Re8 23.e5 Rad8 24.Nd4 Qa3 25.Qe2 Qa6 26.Ng4 Kg7 27.f5 gxf5 28.Qe3 
fxg4 29.Qg5+ Ng6 30.Nf5+ Kg8 31.Qh6 Nf4+ 32.gxf4 1-0

[Event "Autunno Scacchistico Magistrale"]
[Site "Venezia ITA"]
[Date "2005.10.31"]
[Round "4"]
[White "Marson, Luca"]
[Black "Di Lascio, Savino"]
[Result "0-1"]
[WhiteElo "1972"]
[BlackElo "1926"]
[PlyCount "64"]
[EventDate "2005.10.29"]

1.e4 c6 2.d4 d5 3.f3 e6 4.Nc3 Be7 5.Be3 h6 6.Qd2 Nd7 7.O-O-O Qa5 8.Kb1 b5 
9.exd5 exd5 10.Bd3 Nb6 11.Bf4 Nc4 12.Bxc4 bxc4 13.Nh3 a6 14.Rhe1 Ra7 15.
Bd6 Be6 16.Bxe7 Nxe7 17.Nf4 Bf5 18.g4 Bh7 19.Nh5 O-O 20.g5 hxg5 21.Rxe7 
Rxe7 22.Nxg7 f6 23.Nh5 Rb7 24.h4 Qb4 25.Nxf6+ Kf7 26.Qc1 Qxc3 27.Nxh7 Rfb8
28.Nxg5+ Kg8 29.b3 cxb3 30.cxb3 Rxb3+ 31.axb3 Rxb3+ 32.Ka2 Qb4 0-1

[Event "Autunno Scacchistico Magistrale"]
[Site "Venezia ITA"]
[Date "2005.10.31"]
[Round "4"]
[White "Mosconi, Ariel Oscar"]
[Black "Zarpellon, Daniel"]
[Result "1-0"]
[WhiteElo "2164"]
[BlackElo "2010"]
[PlyCount "113"]
[EventDate "2005.10.29"]

1.g3 g6 2.Bg2 Bg7 3.d4 d5 4.Nf3 Nf6 5.O-O O-O 6.a4 a5 7.c3 c6 8.Qb3 Nbd7 
9.Na3 e5 10.Bg5 e4 11.Ne1 Qb6 12.Qc2 Re8 13.Qc1 Nf8 14.f3 exf3 15.exf3 Ne6
16.Be3 Qc7 17.Nd3 b6 18.Qd2 Ba6 19.Rfe1 Re7 20.Rac1 Rae8 21.Bf1 Nh5 22.Bf2
f5 23.Rcd1 Nd8 24.Rxe7 Rxe7 25.Re1 Nf7 26.Rxe7 Qxe7 27.Qe3 Qxe3 28.Bxe3 
Bf8 29.Ne5 Bxf1 30.Kxf1 Nxe5 31.dxe5 Bxa3 32.bxa3 b5 33.axb5 cxb5 34.Bh6 
f4 35.g4 Ng7 36.Bxf4 Ne6 37.Be3 g5 38.h4 h6 39.hxg5 hxg5 40.Ke2 Kf7 41.a4 
bxa4 42.Kd1 a3 43.Kc2 a4 44.Kb1 Nc7 45.Bxg5 Nb5 46.Bd2 d4 47.cxd4 Nxd4 48.
f4 Ke6 49.Bc3 Ne2 50.f5+ Kd5 51.Ba1 Kc4 52.Ka2 Kb4 53.e6 Nc1+ 54.Kb1 Nd3 
55.Kc2 Ne1+ 56.Kd1 Kb3 57.Kxe1 1-0

[Event "Autunno Scacchistico Magistrale"]
[Site "Venezia ITA"]
[Date "2005.10.31"]
[Round "4"]
[White "Omeri, Silvan"]
[Black "Cesaro, Giuliano"]
[Result "1-0"]
[WhiteElo "2128"]
[BlackElo "1954"]
[PlyCount "103"]
[EventDate "2005.10.29"]

1.e4 c6 2.d4 d5 3.e5 Bf5 4.Bd3 Bxd3 5.Qxd3 e6 6.Nf3 c5 7.O-O Nc6 8.Bf4 
Nge7 9.c3 Ng6 10.Bg3 cxd4 11.cxd4 Be7 12.a3 O-O 13.Nbd2 Rc8 14.b4 Qd7 15.
h4 Qd8 16.h5 Nh4 17.Bxh4 Bxh4 18.Rac1 Be7 19.Nb3 b6 20.Nfd2 Qd7 21.b5 Nb8 
22.a4 Rxc1 23.Rxc1 Rc8 24.Rxc8+ Qxc8 25.f4 Bb4 26.Nf3 h6 27.g4 Qc3 28.Qxc3
Bxc3 29.Kf2 Nd7 30.Ke3 g6 31.Kd3 Bb4 32.Nbd2 Kg7 33.Nb1 f5 34.gxf5 gxf5 
35.Nc3 Kf7 36.Nh4 Nf8 37.Ng2 Nd7 38.Ne3 Be7 39.Ncxd5 exd5 40.Nxf5 Bf8 41.
Ne3 Nxe5+ 42.fxe5 Ke6 43.Ng4 Bg7 44.Ke3 Kf5 45.Kf3 Ke6 46.Ne3 Bf8 47.Ng2 
Kf5 48.Nf4 Ba3 49.Nxd5 Bb2 50.Ne7+ Kg5 51.Nc6 Kxh5 52.d5 1-0

[Event "Autunno Scacchistico Magistrale"]
[Site "Venezia ITA"]
[Date "2005.10.31"]
[Round "4"]
[White "Pastres, Roberto"]
[Black "Del Monaco, Andrea"]
[Result "0-1"]
[WhiteElo "2160"]
[BlackElo "2234"]
[PlyCount "130"]
[EventDate "2005.10.29"]

1.Nf3 Nf6 2.c4 e6 3.b3 d5 4.Bb2 c5 5.e3 Nc6 6.a3 Be7 7.g4 O-O 8.g5 Ne4 9.
h4 d4 10.Qc2 Nd6 11.exd4 cxd4 12.Nxd4 Nxd4 13.Bxd4 Nf5 14.Bb2 Nd4 15.Qe4 
e5 16.Bd3 Bf5 17.Qe3 Qd7 18.Nc3 Rfd8 19.Nd5 Bc5 20.b4 Bxd3 21.Qxd3 e4 22.
Qg3 Nf3+ 23.Ke2 Bd4 24.Bxd4 Nxd4+ 25.Kf1 Qe6 26.Rc1 Rxd5 27.cxd5 Qxd5 28.
Qc3 Rd8 29.Rh3 g6 30.h5 Qb5+ 31.Qc4 Qxg5 32.hxg6 hxg6 33.Rg3 Qh5 34.Kg2 
Ne2 35.Qc7 Qd5 36.Rc5 Qxd2 37.Rf5 Qd7 38.Rxf7 Kxf7 39.Qc4+ Qd5 40.Qxe2 Kg7
41.Qe3 Qd4 42.Qg5 Qf6 43.Qe3 Rd4 44.Rh3 g5 45.Qe2 Kf8 46.Qg4 b6 47.Qc8+ 
Rd8 48.Qc4 g4 49.Re3 Rd2 50.Qc8+ Kf7 51.Qc4+ Kg7 52.Qc7+ Kg6 53.Qg3 Qf5 
54.Rc3 Kh5 55.Qh2+ Kg5 56.Qg3 Rd3 57.Rxd3 exd3 58.Qe3+ Kf6 59.Qd4+ Ke6 60.
Qe3+ Kd5 61.Kf1 Qe4 62.Qg5+ Kc4 63.Qc1+ Kb3 64.Kg1 Qe2 65.b5 d2 0-1

[Event "Autunno Scacchistico Magistrale"]
[Site "Venezia ITA"]
[Date "2005.10.31"]
[Round "4"]
[White "Pomaro, Stefano"]
[Black "Redo, Giorgio"]
[Result "0-1"]
[WhiteElo "1919"]
[BlackElo "2037"]
[PlyCount "134"]
[EventDate "2005.10.29"]

1.e4 c5 2.b4 b6 3.bxc5 bxc5 4.Nf3 Nc6 5.Bb5 Qc7 6.O-O Rb8 7.Qe2 Ne5 8.Nxe5
Qxe5 9.Nc3 g5 10.Bb2 Nf6 11.Rab1 Qe6 12.Bc4 Qg4 13.f3 Qh4 14.Nd5 Rxb2 15.
Nxf6+ exf6 16.Rxb2 Bd6 17.g3 Qh3 18.Bd5 Ke7 19.Bb7 c4 20.Qg2 Qh5 21.Rfb1 
Bc5+ 22.Kf1 Rd8 23.Bxc8 Rxc8 24.Rb8 Rc6 25.Rg8 c3 26.d3 Be3 27.Ke2 Bd2 28.
Rb3 g4 29.Rxg4 Qh6 30.f4 Qh5 31.Kf3 f5 32.exf5 Qxf5 33.Rg5 Qf6 34.Re5+ Kd8
35.Qe2 Ra6 36.Rb8+ Kc7 37.Rc5+ Rc6 38.Rxc6+ Qxc6+ 39.Kf2 Kxb8 40.Qe8+ Kc7 
41.Qxf7 Qe6 42.Qxh7 Qxa2 43.d4 Qe6 44.Qh5 Be3+ 45.Kf3 Bxd4 46.Qa5+ Qb6 47.
Qa2 Qc6+ 48.Ke2 Qe6+ 49.Qxe6 dxe6 50.Kd3 Bg1 51.h4 Bf2 52.h5 Bxg3 53.Ke4 
Bh4 54.Ke5 Kd7 55.h6 Ke7 56.Kd4 Bf6+ 57.Kc4 Kd7 58.Kb5 Kc7 59.Kc5 a6 60.h7
Bh8 61.Kb4 Kc6 62.Ka5 Kd5 63.Kxa6 Ke4 64.Kb5 Kxf4 65.Kc4 Ke4 66.Kc5 Ke3 
67.Kc4 Kd2 0-1

[Event "Autunno Scacchistico Magistrale"]
[Site "Venezia ITA"]
[Date "2005.10.31"]
[Round "4"]
[White "Redo, Stefano"]
[Black "Tomelleri, Alessio"]
[Result "1-0"]
[WhiteElo "1949"]
[BlackElo "1994"]
[PlyCount "33"]
[EventDate "2005.10.29"]

1.e4 d6 2.d4 Nf6 3.Nc3 Nbd7 4.Nf3 e5 5.Bc4 Be7 6.Qe2 O-O 7.h3 c6 8.Bg5 Qc7
9.a4 a5 10.O-O Re8 11.Rfe1 Nf8 12.dxe5 dxe5 13.Rad1 Ng6 14.Nh4 Nxh4 15.
Bxh4 Nd7 16.Qh5 g6 17.Qf3 1-0

[Event "Autunno Scacchistico Magistrale"]
[Site "Venezia ITA"]
[Date "2005.10.31"]
[Round "4"]
[White "Rogulj, Branko"]
[Black "Pfeifer, Andreas"]
[Result "1-0"]
[WhiteElo "2393"]
[BlackElo "2130"]
[PlyCount "69"]
[EventDate "2005.10.29"]

1.e4 e6 2.Nc3 d5 3.d4 Bb4 4.Ne2 dxe4 5.a3 Bxc3+ 6.Nxc3 Nc6 7.Bb5 Ne7 8.Bg5
f6 9.Be3 O-O 10.Qd2 a6 11.Bc4 Kh8 12.O-O-O e5 13.d5 Na5 14.Ba2 Bg4 15.b4 
Bxd1 16.Rxd1 f5 17.g3 b6 18.bxa5 Qd6 19.Kb2 bxa5 20.Na4 Rfb8+ 21.Bb3 Rb5 
22.c4 Rbb8 23.Qxa5 Nc6 24.Qc5 Nd4 25.Rxd4 Qd7 26.Rd2 Qxa4 27.Qf8+ Rxf8 28.
Bxa4 Rab8+ 29.Kc2 h6 30.Bc5 f4 31.Bxf8 Rxf8 32.c5 e3 33.fxe3 f3 34.Rf2 e4 
35.Kc3 1-0

[Event "Autunno Scacchistico Magistrale"]
[Site "Venezia ITA"]
[Date "2005.10.31"]
[Round "4"]
[White "Sarakauskas, Gediminas"]
[Black "Sarakauskiene, Zivile"]
[Result "1-0"]
[WhiteElo "2437"]
[BlackElo "2161"]
[PlyCount "99"]
[EventDate "2005.10.29"]

1.c4 e5 2.Nc3 Nf6 3.g3 d5 4.cxd5 Nxd5 5.Bg2 Nxc3 6.bxc3 Bc5 7.Ba3 Bxa3 8.
Qa4+ Bd7 9.Qxa3 Bc6 10.Nf3 Nd7 11.O-O Qe7 12.Qxe7+ Kxe7 13.d4 exd4 14.cxd4
Rhe8 15.Rfc1 Kf8 16.e3 Nf6 17.a4 a5 18.Ne5 Bxg2 19.Kxg2 Re7 20.Rab1 c6 21.
Rb3 Nd5 22.Rc5 Ke8 23.Nc4 Kd8 24.Rxa5 Rxa5 25.Nxa5 Kc8 26.Nc4 Kb8 27.g4 
Ka7 28.Kf3 Ka6 29.e4 Nf6 30.Nd6 Rd7 31.e5 Nd5 32.g5 Nb6 33.Ke4 Nxa4 34.Rf3
b5 35.Rxf7 Rxf7 36.Nxf7 b4 37.e6 Nc3+ 38.Kd3 Nd5 39.Kc4 Ka5 40.Ne5 Kb6 41.
Nd3 Kc7 42.Nxb4 Nxb4 43.Kxb4 Kd6 44.e7 Kxe7 45.Kc5 Kd7 46.f4 g6 47.h4 Kc7 
48.f5 gxf5 49.h5 f4 50.Kc4 1-0

[Event "Autunno Scacchistico Magistrale"]
[Site "Venezia ITA"]
[Date "2005.10.31"]
[Round "4"]
[White "Temi, Walter"]
[Black "Pietrobon, Fabio"]
[Result "1/2-1/2"]
[WhiteElo "2086"]
[BlackElo "2166"]
[PlyCount "89"]
[EventDate "2005.10.29"]

1.e4 c5 2.Nf3 d6 3.c3 Nf6 4.Be2 Bd7 5.d3 Nc6 6.O-O e6 7.Nbd2 Be7 8.Re1 Qc7
9.a3 Rc8 10.Rb1 O-O 11.d4 Rfd8 12.Bd3 Be8 13.Nf1 c4 14.Bc2 e5 15.Ne3 Bf8 
16.Nd5 Qd7 17.Nxf6+ gxf6 18.d5 Ne7 19.Nh4 f5 20.Bg5 f4 21.Nf5 Nxf5 22.exf5
f6 23.Bxf6 Bg7 24.Bxd8 Qxd8 25.Qg4 h5 26.Qf3 Qg5 27.Qh3 Bf6 28.Be4 Rc7 29.
Kh1 Rh7 30.Rg1 h4 31.Bf3 Rg7 32.Be4 Bd7 33.Rbf1 Bd8 34.g3 hxg3 35.fxg3 Bb6
36.Rg2 f3 37.Bxf3 Bxf5 38.g4 Bd3 39.Re1 e4 40.Bd1 Rf7 41.Qh5 Qf4 42.Be2 
Bxe2 43.Rgxe2 Qf3+ 44.Rg2 Qf1+ 45.Rg1 1/2-1/2

[Event "Autunno Scacchistico Magistrale"]
[Site "Venezia ITA"]
[Date "2005.10.31"]
[Round "4"]
[White "Velluti, Alberto"]
[Black "Bonafede, Alessandro"]
[Result "1-0"]
[WhiteElo "2014"]
[BlackElo "2147"]
[PlyCount "115"]
[EventDate "2005.10.29"]

1.e4 c5 2.Nf3 d6 3.d4 cxd4 4.Nxd4 Nf6 5.Nc3 a6 6.Bc4 b5 7.Bd5 Nxd5 8.Nxd5 
e6 9.Ne3 Bb7 10.Qd3 Nd7 11.f3 Be7 12.O-O O-O 13.c4 Ne5 14.Qe2 Qb6 15.Rd1 
bxc4 16.Kh1 Rac8 17.Ndc2 Nd3 18.Ne1 Nxe1 19.Rxe1 Qc7 20.Bd2 Bf6 21.Rac1 d5
22.exd5 exd5 23.Bb4 Rfe8 24.Nxd5 Rxe2 25.Nxc7 Rxb2 26.Rxc4 h6 27.a3 Kh7 
28.h3 Bh4 29.Rec1 Bg3 30.Be1 Bd6 31.Bb4 Bg3 32.Be1 Bxe1 33.Rxe1 Ra2 34.Re7
Rxa3 35.Rf4 f6 36.Rxf6 Rg8 37.Rff7 Bc6 38.Ne6 Kh8 39.Nf4 Ra5 40.Ra7 Kh7 
41.Ne6 Kh8 42.Nxg7 Ra1+ 43.Kh2 Ra2 44.Kg3 Bd5 45.Rfe7 Bc4 46.Kh4 Rxg2 47.
Nf5 Rd8 48.Rh7+ Kg8 49.Nxh6+ Kf8 50.Rh8+ Bg8 51.Rxa6 Rd4+ 52.Ng4 Kg7 53.
Rh5 Bf7 54.Rg5+ Kf8 55.Rf5 Re2 56.f4 Ree4 57.Kg5 Re7 58.Ne5 1-0

[Event "Autunno Scacchistico Magistrale"]
[Site "Venezia ITA"]
[Date "2005.11.01"]
[Round "5"]
[White "Alberti, Andrea"]
[Black "Rogulj, Branko"]
[Result "0-1"]
[WhiteElo "2179"]
[BlackElo "2393"]
[PlyCount "68"]
[EventDate "2005.10.29"]

1.d4 Nf6 2.c4 g6 3.g3 Bg7 4.Bg2 c5 5.d5 d6 6.Nc3 O-O 7.Nf3 e6 8.O-O exd5 
9.cxd5 Re8 10.Bf4 a6 11.a4 h6 12.h3 g5 13.Be3 Rxe3 14.fxe3 Qe7 15.g4 Qxe3+
16.Kh1 Nbd7 17.Nd2 Qe7 18.Nde4 Nxe4 19.Bxe4 Bxc3 20.Qc2 Bg7 21.Bh7+ Kh8 
22.Rab1 Nf6 23.Bf5 Nxd5 24.Qb3 Ne3 25.Rf3 Bxf5 26.gxf5 Re8 27.Rc1 Bd4 28.
Qb6 Nd5 29.Qb3 Nf6 30.e3 Be5 31.Qb6 Rc8 32.Kg2 Kg7 33.Re1 Qc7 34.Qb3 c4 
0-1

[Event "Autunno Scacchistico Magistrale"]
[Site "Venezia ITA"]
[Date "2005.11.01"]
[Round "5"]
[White "Bianchi, Andrea"]
[Black "Temi, Walter"]
[Result "0-1"]
[WhiteElo "2160"]
[BlackElo "2086"]
[PlyCount "90"]
[EventDate "2005.10.29"]

1.e4 e6 2.Qe2 e5 3.Nc3 Nc6 4.d3 Nf6 5.Bg5 Nd4 6.Qd2 c6 7.f4 h6 8.fxe5 hxg5
9.exf6 gxf6 10.Nge2 Nxe2 11.Bxe2 Bd6 12.Qe3 Qb6 13.Qxb6 axb6 14.Kf2 Bc5+ 
15.Kf1 d6 16.g4 Rh4 17.h3 b5 18.Bf3 Bd4 19.Nd1 b4 20.Ke2 c5 21.c3 bxc3 22.
bxc3 Be5 23.Kd2 Ra3 24.Kc2 b5 25.Rb1 Rxa2+ 26.Rb2 Rxb2+ 27.Nxb2 Kd7 28.Bg2
Kc7 29.Ra1 Bb7 30.Nd1 Rh8 31.Ne3 b4 32.Nd1 f5 33.gxf5 g4 34.Nf2 gxh3 35.
Nxh3 Rg8 36.Bf1 Bxc3 37.Rb1 Bc6 38.Kb3 Be5 39.Nf2 Ra8 40.Ng4 Bd4 41.Rc1 
Ba4+ 42.Kc4 Kc6 43.Nh6 Bb5+ 44.Kb3 Ra3+ 45.Kc2 Ra2+ 0-1

[Event "Autunno Scacchistico Magistrale"]
[Site "Venezia ITA"]
[Date "2005.11.01"]
[Round "5"]
[White "Cesaro, Giuliano"]
[Black "Lorenzini, Adriano"]
[Result "0-1"]
[WhiteElo "1954"]
[BlackElo "1907"]
[PlyCount "44"]
[EventDate "2005.10.29"]

1.d4 Nf6 2.Nf3 d5 3.c4 e6 4.e3 c6 5.Nc3 Nbd7 6.Be2 Bd6 7.O-O O-O 8.cxd5 
exd5 9.a3 Ne4 10.Nxe4 dxe4 11.Nd2 Nf6 12.b4 Bf5 13.Re1 Nd5 14.Bb2 Qh4 15.
Nf1 Rfe8 16.Ng3 Re6 17.Bc4 Bg4 18.Be2 Bxe2 19.Qxe2 Rh6 20.h3 Bxg3 21.fxg3 
Qxg3 22.Qf2 Rxh3 0-1

[Event "Autunno Scacchistico Magistrale"]
[Site "Venezia ITA"]
[Date "2005.11.01"]
[Round "5"]
[White "Del Monaco, Andrea"]
[Black "Mosconi, Ariel Oscar"]
[Result "1/2-1/2"]
[WhiteElo "2234"]
[BlackElo "2164"]
[PlyCount "207"]
[EventDate "2005.10.29"]

1.e4 g6 2.d4 Bg7 3.Nc3 c6 4.f4 d5 5.e5 Qb6 6.Na4 Qa5+ 7.c3 Qc7 8.Nc5 Nh6 
9.Nf3 O-O 10.Be2 b6 11.Nd3 Bg4 12.Be3 f6 13.O-O Nd7 14.h3 Bxf3 15.Bxf3 Nf5
16.Bf2 fxe5 17.fxe5 Bh6 18.Qe2 e6 19.g4 Ne7 20.Bh4 Rf7 21.Bxe7 Rxe7 22.h4 
g5 23.Qe3 Rg7 24.Nf2 Rg6 25.h5 Rg7 26.Nh3 Rf8 27.Be2 Qd8 28.Rxf8+ Nxf8 29.
Rf1 Rf7 30.Rxf7 Kxf7 31.Qf3+ Kg8 32.Bd3 Qe7 33.a4 Bg7 34.Bc2 c5 35.Qd3 c4 
36.Qf3 a6 37.Nf2 b5 38.axb5 axb5 39.Nd1 Qf7 40.Qe3 Qe7 41.Qc1 h6 42.Bg6 
Qa7 43.Ne3 b4 44.Kg2 b3 45.Nf5 exf5 46.gxf5 Qd7 47.Qf1 Nxg6 48.hxg6 h5 49.
Qf3 g4 50.Qf4 Qe7 51.Kg3 Bf6 52.exf6 Qe1+ 53.Kg2 Qe2+ 54.Qf2 Qe4+ 55.Kg3 
Qd3+ 56.Kh4 Qh3+ 57.Kg5 g3 58.Qf4 Qg4+ 59.Qxg4 hxg4 60.f7+ Kg7 61.f8=Q+ 
Kxf8 62.Kh6 Kg8 63.f6 g2 64.f7+ Kf8 65.Kh7 g1=Q 66.g7+ Kxf7 67.g8=Q+ Kf6 
68.Qg7+ Ke6 69.Qe5+ Kf7 70.Qxd5+ Kf6 71.Qe5+ Kf7 72.Qf5+ Ke7 73.Qg5+ Kd7 
74.Qb5+ Ke7 75.Qb7+ Kf6 76.Qc6+ Kg5 77.Qh6+ Kf5 78.Qg6+ Kf4 79.Qf6+ Kg3 
80.Qe5+ Kf3 81.d5 g3 82.Qh5+ Kf2 83.Qf5+ Ke2 84.Qg4+ Kd2 85.d6 Qb1+ 86.Kg7
Qd3 87.d7 Kc2 88.Kf8 Kxb2 89.Ke8 Qe3+ 90.Kf8 Qd3 91.Ke7 Qe3+ 92.Kd6 Qd3+ 
93.Kc7 Qxc3 94.Qe2+ Ka1 95.Qf1+ Ka2 96.d8=Q Qa5+ 97.Kd7 Qxd8+ 98.Kxd8 c3 
99.Qe1 Kb2 100.Qe5 g2 101.Qg7 g1=Q 102.Qxg1 c2 103.Qd4+ Kb1 104.Qe4 
1/2-1/2